Statistics for Every FBS, FCS and NFL Team in Each State

Click here to take the quiz!

General Stats

  • This quiz has been taken 262 times
    (66 since last reset)
  • The average score is 206 of 291

Answer Stats

StateFBS/FCS/NFLCollege/Team% Correct
AlabamaFBSAlabama
100%
ArizonaFBSArizona
100%
ArizonaFBSArizona State
100%
IndianaFBSIndiana
100%
ArizonaNFLArizona Cardinals
97%
ConnecticutFBSConnecticut
97%
DelawareFCSDelaware
97%
MichiganNFLDetroit Lions
97%
IndianaNFLIndianapolis Colts
97%
IowaFBSIowa
97%
KansasFBSKansas
97%
KansasFBSKansas State
97%
KentuckyFBSKentucky
97%
MarylandFBSMaryland
97%
FloridaNFLMiami Dolphins
97%
MichiganFBSMichigan
97%
MinnesotaFBSMinnesota
97%
MinnesotaNFLMinnesota Vikings
97%
MississippiFBSOle Miss
97%
ArkansasFBSArkansas
93%
MarylandNFLBaltimore Ravens
93%
Rhode IslandFCSBrown
93%
IllinoisNFLChicago Bears
93%
OhioNFLCincinnati Bengals
93%
ColoradoFBSColorado
93%
FloridaFBSFlorida
93%
FloridaFBSFlorida State
93%
HawaiiFBSHawaii
93%
IndianaFCSIndiana State
93%
IowaFBSIowa State
93%
CaliforniaNFLLos Angeles Chargers
93%
LouisianaFBSLouisiana State University
93%
FloridaFBSMiami (FL)
93%
OhioFBSMiami (OH)
93%
MichiganFBSMichigan St
93%
MassachusettsNFLNew England Patriots
93%
OhioFBSOhio
93%
OhioFBSOhio State
93%
OklahomaFBSOklahoma
93%
CaliforniaNFLSan Francisco 49ers
93%
FloridaNFLTampa Bay Buccaneers
93%
ArkansasFBSArkansas State
90%
AlabamaFBSAuburn
90%
North CarolinaNFLCarolina Panthers
90%
OhioNFLCleveland Browns
90%
ColoradoFBSColorado State
90%
ColoradoNFLDenver Broncos
90%
GeorgiaFBSGeorgia
90%
IdahoFCSIdaho
90%
IllinoisFBSIllinois
90%
NevadaNFLLas Vegas Raiders
90%
CaliforniaNFLLos Angeles Rams
90%
LouisianaFBSLouisiana
90%
MississippiFBSMississippi State
90%
MissouriFBSMissouri
90%
MontanaFCSMontana
90%
NebraskaFBSNebraska
90%
NevadaFBSNevada
90%
New MexicoFBSNew Mexico
90%
New YorkNFLNew York Giants
90%
New YorkNFLNew York Jets
90%
North DakotaFCSNorth Dakota
90%
OklahomaFBSOklahoma State
90%
OregonFBSOregon
90%
OregonFBSOregon State
90%
South CarolinaFBSSouth Carolina
90%
South DakotaFCSSouth Dakota
90%
TennesseeFBSTennessee
90%
TennesseeNFLTennessee Titans
90%
North CarolinaFBSUniversity of North Carolina
90%
CaliforniaFBSUSC
90%
UtahFBSUtah
90%
UtahFBSUtah State
90%
VirginiaFBSVirginia
90%
VirginiaFBSVirginia Tech
90%
WashingtonFBSWashington
90%
AlabamaFCSAlabama State
86%
GeorgiaNFLAtlanta Falcons
86%
North CarolinaFBSDuke
86%
GeorgiaFBSGeorgia Tech
86%
FloridaNFLJacksonville Jaguars
86%
MissouriNFLKansas City Chiefs
86%
MaineFCSMaine
86%
LouisianaNFLNew Orleans Saints
86%
IllinoisFBSNorthwestern
86%
IndianaFBSPurdue
86%
WashingtonNFLSeattle Seahawks
86%
LouisianaFCSSouthern
86%
CaliforniaFBSUCLA
86%
MassachusettsFBSUniversity of Massachusetts
86%
PennsylvaniaFCSUniversity of Pennsylvania
86%
District of ColumbiaNFLWashington Commanders
86%
WashingtonFBSWashington State
86%
West VirginiaFBSWest Virginia
86%
WisconsinFBSWisconsin
86%
ConnecticutFCSYale
86%
MassachusettsFBSBoston College
83%
New YorkFBSBuffalo
83%
New YorkNFLBuffalo Bills
83%
GeorgiaFBSGeorgia State
83%
WisconsinNFLGreen Bay Packers
83%
MassachusettsFCSHarvard
83%
TexasNFLHouston Texans
83%
New MexicoFBSNew Mexico State
83%
North CarolinaFBSNorth Carolina State
83%
IndianaFBSNotre Dame
83%
PennsylvaniaFBSPenn State
83%
PennsylvaniaNFLPhiladelphia Eagles
83%
PennsylvaniaNFLPittsburgh Steelers
83%
New JerseyFBSRutgers
83%
South DakotaFCSSouth Dakota State
83%
TexasFBSTexas
83%
AlabamaFBSTroy
83%
AlabamaFBSUAB
83%
FloridaFBSUCF
83%
Rhode IslandFCSUniversity of Rhode Island
83%
WyomingFBSWyoming
83%
North CarolinaFBSAppalachian State
79%
IdahoFBSBoise State
79%
CaliforniaFBSCalifornia
79%
South CarolinaFBSClemson
79%
FloridaFBSFlorida Atlantic
79%
LouisianaFBSLouisiana Monroe
79%
LouisianaFBSLouisiana Tech
79%
MontanaFCSMontana State
79%
MarylandFBSNavy
79%
New HampshireFCSNew Hampshire
79%
North DakotaFCSNorth Dakota State
79%
PennsylvaniaFBSPittsburgh
79%
New YorkFBSSyracuse
79%
ColoradoFBSAir Force
76%
OhioFBSAkron
76%
UtahFBSBrigham Young University
76%
MichiganFBSCentral Michigan
76%
South CarolinaFBSCoastal Carolina
76%
TexasNFLDallas Cowboys
76%
DelawareFCSDelaware State
76%
MichiganFBSEastern Michigan
76%
CaliforniaFBSFresno State
76%
TexasFBSHouston
76%
IdahoFCSIdaho State
76%
AlabamaFBSJacksonville State
76%
KentuckyFBSLouisville
76%
CaliforniaFCSSan Diego
76%
CaliforniaFBSSan Diego State
76%
South CarolinaFCSSouth Carolina State
76%
TexasFBSTexas State
76%
TexasFBSTexas Tech
76%
OhioFBSToledo
76%
LouisianaFBSTulane
76%
MichiganFBSWestern Michigan
76%
New YorkFBSArmy
72%
New HampshireFCSDartmouth
72%
FloridaFBSFlorida International
72%
TennesseeFBSMemphis
72%
IllinoisFBSNorthern Illinois
72%
New JerseyFCSPrinceton
72%
TexasFBSSouthern Methodist University
72%
MississippiFBSSouthern Miss
72%
CaliforniaFBSStanford
72%
TexasFBSTexas A&M
72%
TexasFBSTexas Christian University
72%
NevadaFBSUniversity of Nevada Las Vegas
72%
FloridaFBSUSF
72%
TennesseeFBSVanderbilt
72%
KentuckyFBSWestern Kentucky
72%
AlabamaFCSAlabama A&M
69%
IndianaFBSBall State
69%
TexasFBSBaylor
69%
OhioFBSBowling Green
69%
North CarolinaFBSCharlotte
69%
OhioFBSCincinnati
69%
North CarolinaFBSEast Carolina
69%
GeorgiaFBSGeorgia Southern
69%
IllinoisFCSIllinois State
69%
West VirginiaFBSMarshall
69%
MissouriFCSMissouri State
69%
TexasFBSNorth Texas
69%
VirginiaFBSOld Dominion
69%
TexasFBSRice
69%
AlabamaFBSSouth Alabama
69%
PennsylvaniaFBSTemple
69%
OklahomaFBSTulsa
69%
TexasFBSUniversity of Texas at El Paso
69%
New YorkFCSColumbia
66%
New YorkFCSCornell
66%
WashingtonFCSEastern Washington
66%
FloridaFCSFlorida A&M
66%
MississippiFCSJackson State
66%
VirginiaFBSJames Madison University
66%
VirginiaFBSLiberty
66%
TennesseeFCSTennessee Tech
66%
TexasFBSUniversity of Texas at San Antonio
66%
North CarolinaFBSWake Forest
66%
OhioFCSYoungstown State
66%
New YorkFCSAlbany
62%
KentuckyFCSEastern Kentucky
62%
MassachusettsFCSHoly Cross
62%
OhioFBSKent State
62%
TennesseeFBSMiddle Tennessee State
62%
KentuckyFCSMurray State
62%
ArizonaFCSNorthern Arizona
62%
TexasFBSSam Houston State
62%
CaliforniaFBSSan Jose State
62%
IllinoisFCSSouthern Illinois
62%
TennesseeFCSTennessee State
62%
OhioFCSDayton
59%
IllinoisFCSEastern Illinois
59%
LouisianaFCSGrambling State
59%
OregonFCSPortland State
59%
UtahFCSWeber State
59%
ArkansasFCSArkansas-Pine Bluff
55%
IndianaFCSButler
55%
ColoradoFCSNorthern Colorado
55%
IowaFCSNorthern Iowa
55%
UtahFCSSouthern Utah
55%
FloridaFCSStetson
55%
ArkansasFCSCentral Arkansas
52%
North CarolinaFCSDavidson
52%
IowaFCSDrake
52%
District of ColumbiaFCSGeorgetown
52%
District of ColumbiaFCSHoward
52%
GeorgiaFCSKennesaw State
52%
North CarolinaFCSNorth Carolina A&T
52%
LouisianaFCSSoutheastern Louisiana
52%
VirginiaFCSVirginia Military Institute
52%
IllinoisFCSWestern Illinois
52%
FloridaFCSBethune-Cookman
48%
TennesseeFCSEast Tennessee State
48%
TexasFCSHouston Christian
48%
LouisianaFCSMcNeese State
48%
GeorgiaFCSMercer
48%
New JerseyFCSMonmouth
48%
AlabamaFCSNorth Alabama
48%
LouisianaFCSNorthwestern State
48%
VirginiaFCSRichmond
48%
TexasFCSStephen F. Austin
48%
MinnesotaFCSSt. Thomas
48%
TexasFCSTexas Southern
48%
South CarolinaFCSThe Citadel
48%
MarylandFCSTowson
48%
TexasFCSAbilene Christian
45%
MississippiFCSAlcorn State
45%
TennesseeFCSChattanooga
45%
New YorkFCSColgate
45%
North CarolinaFCSElon
45%
New YorkFCSFordham
45%
South CarolinaFCSFurman
45%
TexasFCSIncarnate Word
45%
PennsylvaniaFCSLafayette
45%
MissouriFCSLindenwood
45%
KentuckyFCSMorehead State
45%
LouisianaFCSNicholls State
45%
ConnecticutFCSSacred Heart
45%
MissouriFCSSoutheast Missouri State
45%
IndianaFCSValparaiso
45%
PennsylvaniaFCSVillanova
45%
North CarolinaFCSWestern Carolina
45%
CaliforniaFCSCal Poly
41%
North CarolinaFCSCampbell
41%
ConnecticutFCSCentral Connecticut
41%
South CarolinaFCSCharleston Southern
41%
VirginiaFCSHampton
41%
New YorkFCSLong Island University
41%
New YorkFCSMarist
41%
MississippiFCSMississippi Valley State
41%
CaliforniaFCSSacramento State
41%
TennesseeFCSUniversity of Tennessee at Martin
41%
VirginiaFCSWilliam & Mary
41%
South CarolinaFCSWofford
41%
TennesseeFCSAustin Peay
38%
PennsylvaniaFCSDuquesne
38%
MarylandFCSMorgan State
38%
VirginiaFCSNorfolk State
38%
AlabamaFCSSamford
38%
CaliforniaFCSUC Davis
38%
UtahFCSUtah Tech
38%
North CarolinaFCSGardner-Webb
34%
TexasFCSLamar
34%
PennsylvaniaFCSLehigh
34%
MassachusettsFCSMerrimack
34%
North CarolinaFCSNorth Carolina Central University
34%
TexasFCSPrairie View A&M
34%
South CarolinaFCSPresbyterian
34%
PennsylvaniaFCSRobert Morris
34%
TexasFCSTarleton State
34%
Rhode IslandFCSBryant
31%
PennsylvaniaFCSBucknell
31%
New YorkFCSWagner
31%
New YorkFCSStony Brook
28%
PennsylvaniaFCSSaint Francis
24%

Score Distribution

Percentile by Number Answered

Percent of People with Each Score

Your Score History

You have not taken this quiz since the last reset